000 00911 a2200205 4500
001 122672
020 _a9788576619574
040 _cEscola Canadense de Niteroi
090 _aALE-G3
100 _aAlexander, Fern
245 1 0 _aA grande aventura dos Smurfs
250 _a1.ed.
260 _aBlumenau
300 _bil.
_c4 x 0.4 x 20 cm
362 0 _a2011
520 _aEra a noite mais smurf do ano, o festival da lua Azul! Todos na Vila dos Smurfs estavam animados! Mas, assim que a Lua começou a subir no céu, Gargamel, o malvado feiticeiro, apareceu! Os Smurfs fugiram e, através de um portal mágico, chegaram a um mundo que eles nunca tinham visto antes. Será que os Smurfs conseguirão, neste mundo estranho, smurfar uma Lia Azul para enviá-los de volta para a sua aldeia, antes que Gargamel os aprisione?
650 4 _aLiteratura Infantil
650 4 _aAção ou Aventura
942 _cBK
999 _c122672
_d122672